Zapojenie Slovenskej republiky do Spoločnej bezpečnostnej a obrannej politiky Európskej únie bakalárska práca

Gespeichert in:
Bibliographische Detailangaben
1. Verfasser: Rejdovian, Dávid
Körperschaft: Fakulta medzinárodných vzťahov EU. Katedra medzinárodných politických vzťahov
Weitere Verfasser: Adašková, Daša
Format: Buch
Sprache:Slowakisch
Veröffentlicht: Bratislava 2016
Tags: Tag hinzufügen
Keine Tags, Fügen Sie das erste Tag hinzu!

MARC

LEADER 00000nbm a2200000 4500
001 0221485
005 20170131125301.2
041 0 |a slo 
044 |a SK 
245 1 0 |a Zapojenie Slovenskej republiky do Spoločnej bezpečnostnej a obrannej politiky Európskej únie  |b bakalárska práca  |c Dávid Rejdovian ; školiteľ: Daša Adašková 
264 1 |a Bratislava  |c 2016 
300 |a 52 s. 
100 1 |a Rejdovian, Dávid 
700 1 |a Adašková, Daša 
710 2 |a Fakulta medzinárodných vzťahov EU. Katedra medzinárodných politických vzťahov